| 000 | 01090cam a2200289 a 4500 | ||
|---|---|---|---|
| 001 | 17044742 | ||
| 005 | 20141103124753.0 | ||
| 008 | 111114t2012 xxkad frb f001 0 eng d | ||
| 010 | _a2011045961 | ||
| 020 | _a9780199924929 (alk. paper) | ||
| 020 | _a0199924929 (alk. paper) | ||
| 040 |
_aDLC _beng _cDLC _dYDX _dBTCTA _dYDXCP _dYNK _dCDX _dDLC _dEG-ScBUE |
||
| 043 | _ama----- | ||
| 082 | 0 | 0 |
_a330.9174927 _222 _bAFT |
| 245 | 0 | 0 |
_aAfter the spring : _beconomic transitions in the Arab world / _cMagdi Amin ... [et al.] |
| 260 |
_aOxford, United Kingdom ; _aNew York, United States : _bOxford University Press, _cc.2012. |
||
| 300 |
_ax, 179 p. : _bcharts, tables ; _c25 cm. |
||
| 500 | _aIndex : p. 175-179. | ||
| 504 | _aIncludes bibliographical references. | ||
| 651 | 0 |
_aArab countries _xEconomic policy _y21st century _936419 |
|
| 651 | 0 |
_aArab countries _xPolitics and government _y21st century _928746 |
|
| 651 | 0 |
_aArab countries _xCommerce _936421 |
|
| 653 |
_bBUSBOL _cNovember2014 |
||
| 655 |
_vreading book _934232 |
||
| 700 | 1 |
_aAmin, Magdi _936422 |
|
| 942 |
_2ddc _k330.9174927 AFT |
||
| 999 |
_c18539 _d18511 |
||